Nonlinear dynamics : (Record no. 29442)

000 -LEADER
fixed length control field 00633 a2200181 4500
020 ## - INTERNATIONAL STANDARD BOOK NUMBER
International Standard Book Number 0750303808
020 ## - INTERNATIONAL STANDARD BOOK NUMBER
International Standard Book Number 9780750303804
082 04 - DEWEY DECIMAL CLASSIFICATION NUMBER
Classification number 003.85
090 ## - LOCALLY ASSIGNED LC-TYPE CALL NUMBER (OCLC); LOCAL CALL NUMBER (RLIN)
-- 818
-- 818
100 1# - MAIN ENTRY--PERSONAL NAME
Personal name Solari, H.G.
245 10 - TITLE STATEMENT
Title Nonlinear dynamics :
Remainder of title a two-way trip from physics to math /
Statement of responsibility, etc. H.G Solari, M.A Natiello, G.B Mindlin.
260 ## - PUBLICATION, DISTRIBUTION, ETC.
Place of publication, distribution, etc. [S.l.] :
Name of publisher, distributor, etc. Taylor & Francis,
Date of publication, distribution, etc. 2005
300 ## - PHYSICAL DESCRIPTION
Extent 366 p. ;
Dimensions 24 cm.
700 1# - ADDED ENTRY--PERSONAL NAME
Personal name Natiello, M.A.
700 1# - ADDED ENTRY--PERSONAL NAME
Personal name Mindlin, G.B.
942 ## - ADDED ENTRY ELEMENTS (KOHA)
Institution code [OBSOLETE] SNS
Koha item type Book
Call number prefix 003.85 SOL
Holdings
Withdrawn status Lost status Damaged status Not for loan Permanent Location Current Location Date acquired Total Checkouts Full call number Barcode Date last seen Date last checked out Price effective from Koha item type
        School of Natural Sciences (SNS) School of Natural Sciences (SNS) 05/26/2016 2 003.85 SOL SNS0000987 06/22/2018 08/11/2016 05/26/2016 Book
© 2023 Central Library, National University of Sciences and Technology. All Rights Reserved.